Compendio de gramática castellana
Guardado en:
| Autor principal: | |
|---|---|
| Formato: | Libro |
| Lenguaje: | español |
| Publicado: |
Santiago
Cergnar
1976
|
| Edición: | 3a. ed |
| Materias: | |
| Etiquetas: |
Agregar Etiqueta
Sin Etiquetas, Sea el primero en etiquetar este registro!
|
MARC
| LEADER | 00000nam a2200000 a 4500 | ||
|---|---|---|---|
| 001 | UCZ0703 | ||
| 003 | CL-VaPUC | ||
| 008 | 950809e19760000CL |||||||||||||||||spa|d | ||
| 082 | 0 | 4 | |a 465 |b VIL |2 21 |
| 100 | 0 | |a Vilches Acuña, Roberto |e author |9 343841 | |
| 245 | 1 | 0 | |a Compendio de gramática castellana |
| 250 | |a 3a. ed | ||
| 300 | |a 180 p | ||
| 942 | |c BK | ||
| 945 | |d 19950809 00:00:00 |a mfernand | ||
| 260 | |a Santiago |b Cergnar |c 1976 | ||
| 650 | 0 | |a Gramática |9 270497 | |
| 650 | 0 | |a Español |9 255372 | |
| 650 | 7 | |a LINGUISTICA DESCRIPTIVA |2 CL-VaPUC |9 343842 | |
| 650 | 0 | |a Morfología Lingüística |9 340777 | |
| 650 | 0 | |a Sintaxis |9 318843 | |
| 583 | |a last modification |c 19950809 00:00:00 |k Rodrigo Vera | ||
| 999 | |c 237613 |d 237611 | ||
| 952 | |0 0 |1 0 |4 0 |6 465_000000000000000_VIL_1976 |7 0 |8 A |9 247018 |a BIBEDU |b BIBEDU |d 2019-11-18 |i 1558293 |o 465 VIL 1976 |p 1558293 |r 2019-11-18 |w 2019-11-18 |y BK |k EDU | ||